000 00556nam a2200181Ia 4500
008 151018s9999 xx 000 0 und d
082 _bRBASDV19794
_a891.463
100 _aअमृता प्रितम
245 _aकामिनी
250 _b1
260 _bश्रीविद्या प्रकाशन पुणे
_c1986
300 _a79
600 _aअमृता प्रितम
630 _aकामिनी
700 _aअमृता प्रितम
730 _aकामिनी
942 _cBOOK
999 _c1020422
_d1020419